000 00300nam a2200133Ia 4500
005 20251222153546.0
008 251222s9999||||xx |||||||||||||| ||spa||
082 _a616.89/M34
100 _aMearin, Fermín
245 0 _aDispepsia Funcional:
250 _a1ra. ed.
264 _bDoyma
942 _cLIB
999 _c30659
_d30659